Four Countries on Maps #7 - Statistics

General Stats
  • This quiz has been taken 2,365 times
    2,249 since last reset
  • The average score is 7 of 8
Answers on the Map
Answers color-coded by a green-red scale on the quiz's map according to % correct below.
 
Answer Stats
Country % Correct
Belize
94%
Guatemala
94%
Benin
93%
El Salvador
93%
Togo
93%
Honduras
92%
Ghana
91%
Burkina Faso
89%
No matching quizzes found
Score Distribution
Percent of People with Each Score
Percentile by Number Answered
Your Score History
You have not taken this quiz since the last reset